000 00618nam a2200241Ia 4500
003 OSt
005 20221005090747.0
006 a|||||r|||| 00| 0
007 ta
008 221004b |||||||| |||| 00| 0 eng d
024 _a46847
037 _cTextual
040 _aCRL
_cCRL
_beng
041 _2eng
_aeng
082 _aO111,3M97,FA, K6
100 _aFaulkner William
245 0 _aFable
260 _aNew York
_bModern Library USA
_c1966
300 _a437p
_ccm.
650 _aENGLISH LITERATURE
942 _hO111,3M97,FA, K6
_cTEXL
_2cc
999 _c996311
_d996311